| 000 | 00857nam a22002652 4500 | ||
|---|---|---|---|
| 001 | 42394 | ||
| 003 | (BD-RJUL) | ||
| 005 | 20211209053533.0 | ||
| 008 | 160612s1956 us 000 0 eng d | ||
| 035 | _aBD-RjUL42512 | ||
| 040 |
_aBD-RjUL _beng _cBD-RjUL |
||
| 041 | _aeng | ||
| 082 |
_223 _a361.6 _bBUS 1956 |
||
| 100 | 1 |
_aBurns, Eveline M. _q(Eveline Mabel), _d1900-1985 _9130396 |
|
| 245 | 1 | 0 |
_aSocial security and public policy / _c Eveline M. Burns |
| 260 |
_aNew York : _bMcGraw-Hill, _c1956 |
||
| 300 |
_axvi, 291 p ; _c24 cm |
||
| 490 | 1 | _aEconomics handbook series (McGraw-Hill Book Company) | |
| 650 | 0 |
_aPublic welfare _9118508 |
|
| 650 | 0 |
_aSocial security _9130397 |
|
| 650 | 0 |
_aSocial security _zUnited States _9130398 |
|
| 830 | 0 |
_aEconomics handbook series (McGraw-Hill Book Company) _9117054 |
|
| 942 |
_2ddc _cBK |
||
| 999 |
_c42394 _d42394 |
||